<?xml version="1.0" encoding="UTF-8"?>
<record
    xmlns:xsi="http://www.w3.org/2001/XMLSchema-instance"
    xsi:schemaLocation="http://www.loc.gov/MARC21/slim http://www.loc.gov/standards/marcxml/schema/MARC21slim.xsd"
    xmlns="http://www.loc.gov/MARC21/slim">

  <leader>02235naa a2200265 i 4500</leader>
  <controlfield tag="001">BPP</controlfield>
  <controlfield tag="003">BPK</controlfield>
  <controlfield tag="005">20191005132641.0</controlfield>
  <controlfield tag="008">151022s2002    pl     f     |100 0 pol</controlfield>
  <datafield tag="040" ind1=" " ind2=" ">
    <subfield code="c">BPK</subfield>
  </datafield>
  <datafield tag="100" ind1=" " ind2=" ">
    <subfield code="a">Janke, W&#x142;odzimierz</subfield>
    <subfield code="e">Autor</subfield>
    <subfield code="d">1996 - .</subfield>
    <subfield code="b">Politechnika Koszali&#x144;ska - Wydzia&#x142; Elektroniki,</subfield>
    <subfield code="c">Katedra Element&#xF3;w i Miernictwa Elektronicznego</subfield>
  </datafield>
  <datafield tag="245" ind1=" " ind2=" ">
    <subfield code="a">Rekurencyjne algorytmy splotowe o zwi&#x119;kszonej dok&#x142;adno&#x15B;ci /</subfield>
    <subfield code="c">W&#x142;odzimierz Janke, Zenon Ociepa, Rados&#x142;aw &#x141;uczak.</subfield>
  </datafield>
  <datafield tag="260" ind1=" " ind2=" ">
    <subfield code="c">2002.</subfield>
  </datafield>
  <datafield tag="300" ind1=" " ind2=" ">
    <subfield code="a">s. 477-483</subfield>
  </datafield>
  <datafield tag="500" ind1=" " ind2=" ">
    <subfield code="a">sprawozdanie jednostki (Informator o publikowanych wynikach prac naukowo-badawczych w 2002 roku Wydzia&#x142;u Elektroniki).</subfield>
  </datafield>
  <datafield tag="520" ind1=" " ind2=" ">
    <subfield code="a">W pracy rozwa&#x17C;any jest problem dok&#x142;adno&#x15B;ci rekurencyjnych p&#xF3;&#x142;analitycznych algorytm&#xF3;w splotowych w zastosowaniach do dyskretyzacji czasowej system&#xF3;w i proces&#xF3;w dynamicznych. Proponuje si&#x119; techniki zwi&#x119;kszenia tej dok&#x142;adno&#x15B;ci pozwalaj&#x105;ce rozwi&#x105;zywa&#x107; numerycznie tak&#x17C;e i tzw. "sztywne" uk&#x142;ady dynamiczne. Do oceny dok&#x142;adno&#x15B;ci stosuje si&#x119; b&#x142;&#x119;dy r&#xF3;&#x17C;nicowe pomi&#x119;dzy wyliczanymi przez algorytm warto&#x15B;ciami wyj&#x15B;ciowymi a wzorcem analitycznym. Wyniki prac pozwalaj&#x105; opracowa&#x107; i uruchomi&#x107; rekurencyjne algorytmy splotowe wysokiego rz&#x119;du o du&#x17C;ej dok&#x142;adno&#x15B;ci numerycznej. Zaproponowane w pracy sposoby poprawy dok&#x142;adno&#x15B;ci algorytm&#xF3;w, a zw&#x142;aszcza zmniejszenie b&#x142;&#x119;d&#xF3;w zaokr&#x105;gle&#x144; nie powoduj&#x105; znacz&#x105;cego wzrostu z&#x142;o&#x17C;ono&#x15B;ci oblicze&#x144; i zapewniaj&#x105; zachowanie stabilno&#x15B;ci numerycznej.</subfield>
  </datafield>
  <datafield tag="650" ind1=" " ind2="0">
    <subfield code="a">Algorytmy.</subfield>
  </datafield>
  <datafield tag="650" ind1=" " ind2="0">
    <subfield code="a">Uk&#x142;ady dynamiczne.</subfield>
  </datafield>
  <datafield tag="655" ind1=" " ind2="0">
    <subfield code="a">Materia&#x142;y konferencyjne.</subfield>
  </datafield>
  <datafield tag="700" ind1=" " ind2=" ">
    <subfield code="a">OCIEPA, Zenon.</subfield>
    <subfield code="d">1996 - .</subfield>
    <subfield code="b">Politechnika Koszali&#x144;ska - Wydzia&#x142; Mechaniczny,</subfield>
    <subfield code="c">Katedra System&#xF3;w Sterowania</subfield>
  </datafield>
  <datafield tag="700" ind1=" " ind2=" ">
    <subfield code="a">&#x141;UCZAK, Rados&#x142;aw.</subfield>
    <subfield code="d">1997 - .</subfield>
    <subfield code="b">Politechnika Koszali&#x144;ska - Wydzia&#x142; Elektroniki,</subfield>
    <subfield code="c">Katedra In&#x17C;ynierii Komputerowej</subfield>
    <subfield code="u">Katedra In&#x17C;ynierii Komputerowej</subfield>
  </datafield>
  <datafield tag="711" ind1=" " ind2=" ">
    <subfield code="a">Krajowa Konferencja Modelowanie i Symulacja</subfield>
    <subfield code="n">(2 ;</subfield>
    <subfield code="d">(2002 ;</subfield>
    <subfield code="c">Ko&#x15B;cielisko, Polska) </subfield>
  </datafield>
  <datafield tag="773" ind1=" " ind2=" ">
    <subfield code="i">W : </subfield>
    <subfield code="t">II Krajowa konferencja MiS-2 : modelowanie i symulacja, Ko&#x15B;cielisko 24-28 czerwca 2002 r. -</subfield>
    <subfield code="d">Warszawa : Oficyna Wydawnicza Politechniki Warszawskiej, 2002. -</subfield>
    <subfield code="g">s. 477-483</subfield>
  </datafield>
  <datafield tag="942" ind1=" " ind2=" ">
    <subfield code="c">ART</subfield>
    <subfield code="2">UKD</subfield>
  </datafield>
  <datafield tag="999" ind1=" " ind2=" ">
    <subfield code="c">93</subfield>
    <subfield code="d">93</subfield>
  </datafield>
</record>
